00901cam a2200265 a 4500001000500000005001700005020003100022020001800053040002300071050002200094082001000116100001900126245005900145250004700204260003500251300005900286490002200345505000800367520014800375521002300523521002000546650002200566650002200588650002500610355120260326080555.0 a9780061244087 (trade bdg.) a9780545279871 aDLCcDLCdDLCbeng00aPZ7.K12774b 200900a813.61 aKann, Victoria10aGoldilicious /cwritten & illustrated by Victoria Kann aFirst Scholastic printing , September 2010 aNew York :bScholastic ,c2009 a39 unnumbered pages : bcolor illustrations ; c26 cm. a Pinkalicious (3) aP  aA little girl and her brother play with her imaginary gold-horned unicorn that can float on water, fly, and turn herself into a fairy princess.1 a640 bLexile AD 1 aP bRaz-Plus  1aUnicornsvFiction 1aSiblingsvFiction 1aImaginationvFiction